<?xml version="1.0" encoding="UTF-8"?>
<record
    xmlns:xsi="http://www.w3.org/2001/XMLSchema-instance"
    xsi:schemaLocation="http://www.loc.gov/MARC21/slim http://www.loc.gov/standards/marcxml/schema/MARC21slim.xsd"
    xmlns="http://www.loc.gov/MARC21/slim">

  <leader>01137nam a22001937a 4500</leader>
  <datafield tag="999" ind1=" " ind2=" ">
    <subfield code="c">59358</subfield>
    <subfield code="d">59358</subfield>
  </datafield>
  <controlfield tag="003">Ge_BSU</controlfield>
  <controlfield tag="005">20230201094402.0</controlfield>
  <controlfield tag="008">230130s2004    ge ||||| |||| 00| 0 geo d</controlfield>
  <datafield tag="020" ind1=" " ind2=" ">
    <subfield code="a">9992807105</subfield>
  </datafield>
  <datafield tag="041" ind1=" " ind2=" ">
    <subfield code="a">geo</subfield>
  </datafield>
  <datafield tag="080" ind1=" " ind2=" ">
    <subfield code="a">342(4) &#x10E8;-58</subfield>
  </datafield>
  <datafield tag="100" ind1=" " ind2=" ">
    <subfield code="a">&#x10E8;&#x10D5;&#x10D0;&#x10E0;&#x10EA;&#x10D8;, &#x10F0;&#x10D4;&#x10E0;&#x10DB;&#x10D0;&#x10DC;</subfield>
    <subfield code="9">16820</subfield>
  </datafield>
  <datafield tag="245" ind1=" " ind2=" ">
    <subfield code="a">&#x10D9;&#x10DD;&#x10DC;&#x10E1;&#x10E2;&#x10D8;&#x10E2;&#x10E3;&#x10EA;&#x10D8;&#x10E3;&#x10E0;&#x10D8; &#x10DB;&#x10D0;&#x10E0;&#x10D7;&#x10DA;&#x10DB;&#x10E1;&#x10D0;&#x10EF;&#x10E3;&#x10DA;&#x10D4;&#x10D1;&#x10D8;&#x10E1; &#x10D3;&#x10D0;&#x10DB;&#x10D9;&#x10D5;&#x10D8;&#x10D3;&#x10E0;&#x10D4;&#x10D1;&#x10D0; &#x10DE;&#x10DD;&#x10E1;&#x10E2;&#x10D9;&#x10DD;&#x10DB;&#x10E3;&#x10DC;&#x10D8;&#x10E1;&#x10E2;&#x10E3;&#x10E0; &#x10D4;&#x10D5;&#x10E0;&#x10DD;&#x10DE;&#x10D0;&#x10E8;&#x10D8; /</subfield>
    <subfield code="c">&#x10DE;&#x10D0;&#x10E2;&#x10E0;&#x10D8;&#x10EA;&#x10D8;&#x10D0; &#x10DB;. &#x10D5;&#x10D0;&#x10DA;&#x10D3;&#x10D8;&#x10E1; &#x10EC;&#x10D8;&#x10DC;&#x10D0;&#x10E1;&#x10D8;&#x10E2;&#x10E7;&#x10D5;. ; &#x10DB;&#x10D7;&#x10D0;&#x10E0;&#x10D2;&#x10DB;&#x10DC;.: &#x10E5;&#x10D4;&#x10D7;&#x10D4;&#x10D5;&#x10D0;&#x10DC; &#x10D0;&#x10DA;&#x10D4;&#x10E5;&#x10E1;&#x10D8;&#x10EB;&#x10D4; ; &#x10E1;&#x10D0;&#x10DB;&#x10D4;&#x10EA;&#x10DC;. &#x10E0;&#x10D4;&#x10D3;.: &#x10D9;&#x10DD;&#x10DC;&#x10E1;&#x10E2;&#x10D0;&#x10DC;&#x10E2;&#x10D8;&#x10DC;&#x10D4; &#x10D9;&#x10E3;&#x10D1;&#x10DA;&#x10D0;&#x10E8;&#x10D5;&#x10D8;&#x10DA;&#x10D8;, &#x10E0;&#x10D4;&#x10D3;.: &#x10DC;&#x10D0;&#x10DC;&#x10D0; &#x10D9;&#x10D0;&#x10DE;&#x10D0;&#x10DC;&#x10D0;&#x10EB;&#x10D4;.</subfield>
  </datafield>
  <datafield tag="264" ind1=" " ind2=" ">
    <subfield code="a">&#x10D7;&#x10D1;&#x10D8;&#x10DA;&#x10D8;&#x10E1;&#x10D8; :</subfield>
    <subfield code="b">&#x10D0;&#x10D8;&#x10E0;&#x10D8;&#x10E1; &#x10E1;&#x10D0;&#x10E5;&#x10D0;&#x10E0;&#x10D7;&#x10D5;&#x10D4;&#x10DA;&#x10DD;,</subfield>
    <subfield code="c">2003.</subfield>
  </datafield>
  <datafield tag="300" ind1=" " ind2=" ">
    <subfield code="a">488 &#x10D2;&#x10D5;. ;</subfield>
    <subfield code="b"> 20 &#x10E1;&#x10DB;.</subfield>
  </datafield>
  <datafield tag="504" ind1=" " ind2=" ">
    <subfield code="a">&#x10D1;&#x10D8;&#x10D1;&#x10DA;&#x10D8;&#x10DD;&#x10D2;&#x10E0;.: &#x10D2;&#x10D5;. 484-488.</subfield>
  </datafield>
  <datafield tag="653" ind1=" " ind2=" ">
    <subfield code="a">&#x10D9;&#x10DD;&#x10DC;&#x10E1;&#x10E2;&#x10D8;&#x10E2;&#x10E3;&#x10EA;&#x10D8;&#x10E3;&#x10E0;&#x10D8; &#x10E1;&#x10D0;&#x10DB;&#x10D0;&#x10E0;&#x10D7;&#x10D0;&#x10DA;&#x10D8; &#x10D4;&#x10D5;&#x10E0;&#x10DD;&#x10DE;&#x10D0;&#x10E8;&#x10D8;.</subfield>
  </datafield>
  <datafield tag="942" ind1=" " ind2=" ">
    <subfield code="2">udc</subfield>
    <subfield code="c">BK</subfield>
  </datafield>
  <datafield tag="952" ind1=" " ind2=" ">
    <subfield code="0">0</subfield>
    <subfield code="1">0</subfield>
    <subfield code="2">udc</subfield>
    <subfield code="4">0</subfield>
    <subfield code="6">3424_&#x10E8;58</subfield>
    <subfield code="7">0</subfield>
    <subfield code="9">93543</subfield>
    <subfield code="a">CPL</subfield>
    <subfield code="b">CPL</subfield>
    <subfield code="c">GEN</subfield>
    <subfield code="d">2023-01-30</subfield>
    <subfield code="g">10.00</subfield>
    <subfield code="o">342(4) &#x10E8;-58</subfield>
    <subfield code="p">63651</subfield>
    <subfield code="r">2023-01-30</subfield>
    <subfield code="t">63651</subfield>
    <subfield code="w">2023-01-30</subfield>
    <subfield code="y">BK</subfield>
    <subfield code="z">10 &#x10DA;.</subfield>
  </datafield>
</record>
